A Place In This World - Taylor Swift (All Lyrics) - Statistics

General Stats
  • This quiz has been taken 162 times
  • The average score is 202 of 232
Answer Stats
Answer % Correct
I
100%
I'm
100%
a
99%
just
99%
find
98%
girl
98%
place
98%
this
98%
to
98%
trying
98%
Trying
98%
Who
98%
world
98%
in
97%
me
94%
on
94%
know
93%
my
93%
oh
93%
Oh
93%
do
91%
don't
91%
Don't
91%
so
91%
and
90%
And
90%
be
90%
what
90%
it
88%
want
88%
but
87%
But
87%
I'll
86%
own
86%
ask
85%
the
85%
alone
84%
Cause
84%
out
84%
figure
83%
life
81%
still
81%
strong
80%
that's
80%
all
79%
goes
79%
wrong
79%
not
78%
only
74%
walking
73%
okay
72%
one
72%
road
72%
what's
72%
mission
71%
down
70%
yeah
69%
Got
68%
got
68%
way
68%
ready
66%
blue
65%
jeans
65%
heart
64%
need
62%
sleeve
62%
wearing
62%
Feeling
60%
feels
60%
radio
60%
more
59%
old
59%
you
57%
coming
56%
fly
56%
rain
56%
tell
55%
Even
54%
sunshine
54%
though
54%
through
53%
tomorrow's
53%
lucky
52%
Maybe
52%
mystery
52%
see
52%
today
51%
Could
39%
No matching quizzes found
Score Distribution
Percent of People with Each Score
Percentile by Number Answered
Your Score History
You have not taken this quiz